Japanische Gärten

Uložené v:
Podrobná bibliografia
Hlavný autor: Nitschke, Günter (Autor)
Médium: Kniha
Jazyk:German
Vydavateľské údaje: Koln : Taschen, 1993
Vydanie:1. vydanie
Predmet:
Tagy: Pridať tag
Žiadne tagy, Buďte prvý, kto otaguje tento záznam!

MARC

LEADER 00000nam a22000003a 4500
001 stu11571
005 20150617225804.3
008 950622s1993----gw------------------ger-d
040 |a STU  |b slo 
041 0 |a ger 
044 |a gw 
100 1 |a Nitschke, Günter  |4 aut 
245 1 |a Japanische Gärten 
250 |a 1. vydanie 
260 |a Koln :  |b Taschen,  |c 1993 
300 |a 239 s 
650 7 |a záhradná architektúra  |2 stusub 
996 |b 284AU02906  |c A*2546 U  |l AAKNST  |s P  |a 0  |w stu11571_0001